000 00456nam a2200193Ia 4500
005 20250603145712.0
008 250603s9999 xx 000 0 und d
020 _a9788123908755
050 _aQE 471 .P48/
100 _aPettijohn, F. J.
245 0 _aSedimentary rock
250 _a3rd ed.
260 _aNew Delhi
260 _bCBS Publishers & Distributors Pvt. Ltd.
260 _c1984
300 _a628 p
650 _aNew Delhi
942 _cBK
999 _c42603
_d42603